Visualizzazione normale
Vista MARC
- Pergolesi G. Battista
di Personal Name
Records bibliografici associati: 1
001 - CONTROL NUMBER
- control field: 17389
003 - CONTROL NUMBER IDENTIFIER
- control field: IT-RoPau
005 - DATE AND TIME OF LATEST TRANSACTION
- control field: 20140324221724.0
008 - FIXED-LENGTH DATA ELEMENTS
- fixed length control field: 140324|| aca||aabn | a|a d
040 ## - CATALOGING SOURCE
- Original cataloging agency: IT-RoPau
- Transcribing agency: IT-RoPau
100 ## - HEADING--PERSONAL NAME
- Personal name: Pergolesi G. Battista
- Dates associated with a name: Codice autore musica SPICS: 2718
- Relator term: Autore musica
- Name of part/section of a work: Concerto n 2 in sol maggiore per flauto, archi e basso continuo
670 ## - SOURCE DATA FOUND
- Source citation: Work cat.: (IT-RoPau)100146: AA.VV. 794, Vivaldi e i grandi musicisti italiani del '600 e '700-vol. 8